000 00656nam a2200241Ia 4500
001 15544
005 20240113235631.0
007 ta
008 051209s1903 a g b000 u 465 u
040 _aCotton College,Assam
041 _a465
082 _a516
_bJ 71 N
100 _aJones, Clement .
245 0 _aNotes on Analytical Geometry: An Appendix /
_cClement Jones.
_hTextual Documents
250 _a1st ed. /
260 _aOxford :
_bAt the Clarendon Press ,
_c1903.
300 _a171p. :
_bill ;
_c22cm .
653 _aAnalytical Geometry
653 _aG-Mathematics
942 _2ddc
_cBK
999 _c15530
_d15530